000 00575nam a2200229Ia 4500
003 OSt
005 20221005115626.0
006 a|||||r|||| 00| 0
007 ta
008 221004b |||||||| |||| 00| 0 mal d
024 _a57501
037 _cTextual
040 _aCRL
_cCRL
_bmal
041 _2mal
_amal
082 _aO32,3NRA1x, J7
100 _aRaghavan Au.
_9604088
245 0 _aChora chundukal
260 _c1957
650 _aMALAYALAM FICTION
_9183428
942 _hO32,3NRA1x, J7
_cTEXL
_2cc
999 _c1035427
_d1035427